书目信息 |
| 题名: |
世界新建筑
|
|
| 作者: | 阿森西奥 著 | |
| 分册: | 5 商业建筑 | |
| 出版信息: | 台北市 淑馨出版社 1997.06 |
|
| 页数: | 247页 | |
| 开本: | 16开 | |
| 丛书名: | ||
| 单 册: | ||
| 中图分类: | TU247.2 | |
| 科图分类: | ||
| 主题词: | 民用建筑--建筑设计 | |
| 电子资源: | ||
| ISBN: | 957-5315-68-5 | |
| 000 | 00611nam0 2200193 45 | |
| 001 | 0103031667 | |
| 005 | 20231007151437.84 | |
| 010 | @a957-5315-68-5@d300.00元 | |
| 100 | @a20010303d1997 km y0chiy0120 ea | |
| 101 | 0 | @achi |
| 200 | 1 | @a世界新建筑@Ashi jie xin jian zhu@h5@i商业建筑@f(西)阿森西奥著;郑建民等译@F(Xi)A Sen Xi Ao Zhu;Zheng Jian Min Deng Yi |
| 210 | @a台北市@c淑馨出版社@d1997.06 | |
| 215 | @a247页@d16开 | |
| 517 | 1 | @a商业建筑@Ashang ye jian zhu |
| 606 | 0 | @a民用建筑@x建筑设计 |
| 690 | @aTU247.2@v3 | |
| 701 | 0 | @a阿森西奥@4著 |
| 801 | @aCN@bPftUser@c20010303 | |
| 905 | @b325926@dTU247.2@eA898@f1 | |
| 世界新建筑.5.商业建筑/(西)阿森西奥著;郑建民等译.-台北市:淑馨出版社,1997.06 |
| 247页;16开 |
| ISBN 957-5315-68-5:300.00元 |
| ● |
| 相关链接 |
|
|
|
正题名:世界新建筑
索取号:TU247.2/A898
 
预约/预借
| 序号 | 登录号 | 条形码 | 馆藏地/架位号 | 状态 | 备注 |
| 1 | 312496 | 203124966 | 建筑库101/101建筑库 100排3列3层/ [索取号:TU247.2/A898] | 在馆 | |
| 2 | 325926 | 203259268 | 建筑库101/101建筑库 107排3列2层/ [索取号:TU247.2/A898] | 在馆 |